000 00467pab a2200169 454500
008 180718b2009 xxu||||| |||| 00| 0 eng d
100 _aMukherjee, Amitava
245 _aSheikh Hasina's resolve to foil the conspiracy of destabilisation in Bangladesh
260 _c2009
300 _ap.15-16.
362 _a14 Nov
650 _aBangladesh - Politics and government
650 _aPolitics and government
773 _aMainstream
908 _aN
909 _a84580
999 _c84580
_d84580